| 000 | 00366nam a22001457a 4500 | ||
|---|---|---|---|
| 003 | SGT | ||
| 020 | _a9781259026164 | ||
| 082 | _a384.540,MON | ||
| 100 | _aMONIPPALLY,MATHUKUTTY | ||
| 245 | _aBUSINESS COMMUNICATION | ||
| 260 |
_aCHENNAI _bMC GRAW HILL EDUCATION _c2019 |
||
| 300 | _a419 | ||
| 650 | _aCOMMERCE COMMUNICATION AND TARANSPORTION | ||
| 942 |
_2ddc _cBK _02 |
||
| 999 |
_c22012 _d22012 |
||